<?xml version="1.0" encoding="UTF-8"?>
<record
    xmlns:xsi="http://www.w3.org/2001/XMLSchema-instance"
    xsi:schemaLocation="http://www.loc.gov/MARC21/slim http://www.loc.gov/standards/marcxml/schema/MARC21slim.xsd"
    xmlns="http://www.loc.gov/MARC21/slim">

  <leader>01249cam a2200289Ia 4500</leader>
  <controlfield tag="001">25314262</controlfield>
  <controlfield tag="003">BIBLIOS</controlfield>
  <controlfield tag="005">20200421093819.0</controlfield>
  <controlfield tag="008">040503s2004    ja a          000 0 eng d</controlfield>
  <datafield tag="020" ind1=" " ind2=" ">
    <subfield code="a">4889961151</subfield>
  </datafield>
  <datafield tag="040" ind1=" " ind2=" ">
    <subfield code="a">SDE</subfield>
    <subfield code="c">SDE</subfield>
    <subfield code="d">OCLCQ</subfield>
    <subfield code="d">TWU</subfield>
    <subfield code="d">MIA</subfield>
    <subfield code="d">BIBLIOS</subfield>
  </datafield>
  <datafield tag="041" ind1="0" ind2=" ">
    <subfield code="a">eng</subfield>
    <subfield code="a">jpn</subfield>
  </datafield>
  <datafield tag="043" ind1=" " ind2=" ">
    <subfield code="a">a-ja---</subfield>
  </datafield>
  <datafield tag="050" ind1=" " ind2="4">
    <subfield code="a">PL539.5.E5</subfield>
    <subfield code="b">B47 2004</subfield>
  </datafield>
  <datafield tag="100" ind1="1" ind2=" ">
    <subfield code="a">Bernabe, Marc</subfield>
    <subfield code="9">135</subfield>
  </datafield>
  <datafield tag="245" ind1="1" ind2="0">
    <subfield code="a">Japanese in MangaLand :</subfield>
    <subfield code="b">learning the basics /</subfield>
    <subfield code="c">Marc Bernabe ... illustrations, Ken Niimura ..</subfield>
  </datafield>
  <datafield tag="260" ind1=" " ind2=" ">
    <subfield code="a">Tokyo :</subfield>
    <subfield code="b">Japan Publications Trading Co. ;</subfield>
    <subfield code="a">New York, N.Y. :</subfield>
    <subfield code="b">U.S. distributor, Kodansha International/USA through Oxford Univ. Press,</subfield>
    <subfield code="c">c2004</subfield>
  </datafield>
  <datafield tag="300" ind1=" " ind2=" ">
    <subfield code="a">269 p. :</subfield>
    <subfield code="b">ill. ;</subfield>
    <subfield code="c">26 cm</subfield>
  </datafield>
  <datafield tag="520" ind1=" " ind2=" ">
    <subfield code="a">Learn written and spoken Japanese through the popular comics or "mangas". Includes concise lessons with practical exercises and a mini-guidebook of the 160 essential kanji characters</subfield>
  </datafield>
  <datafield tag="650" ind1=" " ind2="0">
    <subfield code="a">Japanese language</subfield>
    <subfield code="x">Study and teaching</subfield>
    <subfield code="x">English speakers</subfield>
    <subfield code="9">548</subfield>
  </datafield>
  <datafield tag="650" ind1=" " ind2="0">
    <subfield code="a">Japanese language</subfield>
    <subfield code="x">Composition and exercises</subfield>
    <subfield code="9">549</subfield>
  </datafield>
  <datafield tag="650" ind1=" " ind2="0">
    <subfield code="a">Comic books, strips, etc.</subfield>
    <subfield code="z">Japan</subfield>
    <subfield code="9">136</subfield>
  </datafield>
  <datafield tag="650" ind1=" " ind2="0">
    <subfield code="a">Chinese characters</subfield>
    <subfield code="z">Japan</subfield>
    <subfield code="9">550</subfield>
  </datafield>
  <datafield tag="700" ind1="1" ind2=" ">
    <subfield code="a">Niimura, Ken</subfield>
    <subfield code="9">137</subfield>
  </datafield>
  <datafield tag="942" ind1=" " ind2=" ">
    <subfield code="2">ddc</subfield>
    <subfield code="c">BK</subfield>
  </datafield>
  <datafield tag="998" ind1=" " ind2=" ">
    <subfield code="d">25314262</subfield>
    <subfield code="b">9784889961151</subfield>
    <subfield code="c">JapaneseinMangaLandlearni</subfield>
  </datafield>
  <datafield tag="999" ind1=" " ind2=" ">
    <subfield code="c">120</subfield>
    <subfield code="d">120</subfield>
  </datafield>
  <datafield tag="952" ind1=" " ind2=" ">
    <subfield code="0">0</subfield>
    <subfield code="1">0</subfield>
    <subfield code="4">0</subfield>
    <subfield code="7">0</subfield>
    <subfield code="8">REF</subfield>
    <subfield code="a">CPL</subfield>
    <subfield code="b">CPL</subfield>
    <subfield code="c">GEN</subfield>
    <subfield code="d">2014-09-04</subfield>
    <subfield code="p">39999000004816</subfield>
    <subfield code="r">2014-09-04 00:00:00</subfield>
    <subfield code="w">2014-09-04</subfield>
    <subfield code="y">BK</subfield>
  </datafield>
  <datafield tag="952" ind1=" " ind2=" ">
    <subfield code="0">0</subfield>
    <subfield code="1">0</subfield>
    <subfield code="4">0</subfield>
    <subfield code="7">0</subfield>
    <subfield code="8">REF</subfield>
    <subfield code="a">MPL</subfield>
    <subfield code="b">MPL</subfield>
    <subfield code="c">GEN</subfield>
    <subfield code="d">2014-09-04</subfield>
    <subfield code="p">39999000004830</subfield>
    <subfield code="r">2014-09-04 00:00:00</subfield>
    <subfield code="w">2014-09-04</subfield>
    <subfield code="y">BK</subfield>
  </datafield>
</record>
